Spotlight on... Scottish residential property market (Record no. 110283)

MARC details
000 -LEADER
fixed length control field 01164cad a22002295a 4500
001 - CONTROL NUMBER
control field E148914
008 - FIXED-LENGTH DATA ELEMENTS--GENERAL INFORMATION
fixed length control field 091126s2009 xxk o f 000 0 eng d
035 ## - SYSTEM CONTROL NUMBER
System control number (Sirsi) u148914
041 0# - LANGUAGE CODE
Language code of text/sound track or separate title eng
050 04 - LIBRARY OF CONGRESS CALL NUMBER
Classification number 333.33 $2 18
110 2# - MAIN ENTRY--CORPORATE NAME
Corporate name or jurisdiction name as entry element Savills
9 (RLIN) 2020
245 00 - TITLE STATEMENT
Title Spotlight on... Scottish residential property market
Remainder of title Autumn 2009
Medium [electronic resource]
260 ## - PUBLICATION, DISTRIBUTION, ETC.
Place of publication, distribution, etc. [S.l.]
Name of publisher, distributor, etc. Savills
Date of publication, distribution, etc. 2009
490 #0 - SERIES STATEMENT
Series statement Savills Spotlight on Scottish Residential Property Market
Volume/sequential designation Autumn 2009
520 ## - SUMMARY, ETC.
Summary, etc. Suggests that property prices rose by 4% in Scotland during Q2 2009, following two quarters of falls. Prices in prime markets are stabilising, and the asking prices of property worth £1m and above are becoming more realistic. The average property price in Scotland in Q2 2009 was £145 553, according to figures produced by Registers of Scotland.
521 ## - TARGET AUDIENCE NOTE
Target audience note Advanced
590 ## - LOCAL NOTE (RLIN)
Local note KA NTK
651 #4 - SUBJECT ADDED ENTRY--GEOGRAPHIC NAME
Geographic name Scotland
Chronological subdivision 1999-
690 ## - LOCAL SUBJECT ADDED ENTRY--TOPICAL TERM (OCLC, RLIN)
Topical term or geographic name as entry element PROPERTY-RESIDENTIAL PROPERTY-RESIDENTIAL PROPERTY MARKET
856 40 - ELECTRONIC LOCATION AND ACCESS
Uniform Resource Identifier <a href="https://www.savills.co.uk/research/Report.aspx?nodeID=10800#">https://www.savills.co.uk/research/Report.aspx?nodeID=10800#</a>
Public note View the report free of charge (requires registration) at www.savills.co.uk...
942 ## - ADDED ENTRY ELEMENTS (KOHA)
Suppress in OPAC 0
Holdings
Withdrawn status Lost status Source of classification or shelving scheme Damaged status Not for loan Home library Current library Shelving location Date acquired Total Checkouts Full call number Barcode Date last seen Copy number Price effective from Koha item type
    Dewey Decimal Classification     Virtual Virtual Online 26/11/2009   ONLINE PUBLICATION 148914-2001 06/08/2019 1 06/08/2019 Book